00520nam a2200169 i 4500001000300000100003300003245005400036250001100090260002100101040000800122041000800130942000700138008004100145999001700186856009800203952004900301bg1 aMĄCZYŃSKA JAWORSKA, Anna 0aJęzyk francuski /cAnna Mączyńska-Jaworska. aWyd.2. aKraków,c1979. cBPK apol cKS s pl f |000 0 pol  c19122d19122 uhttp://koha.tu.koszalin.pl/cgi-bin/koha/opac-detail.pl?biblionumber=19122yKatalog online BPK 00104070aBPKbBPKcwo26838p01652956yKS